<?xml version="1.0" encoding="UTF-8"?><marc:collection xmlns:marc="http://www.loc.gov/MARC21/slim">
  <marc:record>
    <marc:leader>00000nam  2200000za 4500</marc:leader>
    <marc:controlfield tag="001">9.581431</marc:controlfield>
    <marc:controlfield tag="003">CaOODSP</marc:controlfield>
    <marc:controlfield tag="005">20221107134103</marc:controlfield>
    <marc:controlfield tag="007">cr |||||||||||</marc:controlfield>
    <marc:controlfield tag="008">150406s2015    onc    #o    f100 0 eng d</marc:controlfield>
    <marc:datafield tag="040" ind1=" " ind2=" ">
      <marc:subfield code="a">CaOODSP</marc:subfield>
      <marc:subfield code="b">eng</marc:subfield>
    </marc:datafield>
    <marc:datafield tag="041" ind1="0" ind2=" ">
      <marc:subfield code="a">eng</marc:subfield>
      <marc:subfield code="b">fre</marc:subfield>
    </marc:datafield>
    <marc:datafield tag="043" ind1=" " ind2=" ">
      <marc:subfield code="a">n-cn-on</marc:subfield>
    </marc:datafield>
    <marc:datafield tag="086" ind1="1" ind2=" ">
      <marc:subfield code="a">Fs70-4/2014-043E-PDF</marc:subfield>
    </marc:datafield>
    <marc:datafield tag="245" ind1="0" ind2="0">
      <marc:subfield code="a">Proceedings of the regional workshop for the Lake Ontario Ecosystem Research Initiative (ERI) </marc:subfield>
      <marc:subfield code="h">[electronic resource] : </marc:subfield>
      <marc:subfield code="b">March 30–31, 2009, Burlington, Ontario / </marc:subfield>
      <marc:subfield code="c">Chairpersons: Bob Randall and Marten Koops.</marc:subfield>
    </marc:datafield>
    <marc:datafield tag="260" ind1=" " ind2=" ">
      <marc:subfield code="a">Burlington, Ontario : </marc:subfield>
      <marc:subfield code="b">Fisheries and Oceans Canada, Canadian Science Advisory Secretariat, </marc:subfield>
      <marc:subfield code="c">2015.</marc:subfield>
    </marc:datafield>
    <marc:datafield tag="300" ind1=" " ind2=" ">
      <marc:subfield code="a">iv, 38 p.</marc:subfield>
    </marc:datafield>
    <marc:datafield tag="490" ind1="1" ind2=" ">
      <marc:subfield code="a">Canadian Science Advisory Secretariat (CSAS), proceedings series, </marc:subfield>
      <marc:subfield code="x">1701-1280 ; </marc:subfield>
      <marc:subfield code="v">2014/043, Central and Arctic Region</marc:subfield>
    </marc:datafield>
    <marc:datafield tag="500" ind1=" " ind2=" ">
      <marc:subfield code="a">"January 2015."</marc:subfield>
    </marc:datafield>
    <marc:datafield tag="500" ind1=" " ind2=" ">
      <marc:subfield code="a">Title from cover.</marc:subfield>
    </marc:datafield>
    <marc:datafield tag="520" ind1=" " ind2=" ">
      <marc:subfield code="a">"The Lake Ontario Ecosystem Research Initiative (LO-ERI) is a multi-disciplinary, collaborative ecosystem-based approach (EBA) that will focus integrated research on the nearshore areas of Lake Ontario’s ecosystem. Fisheries and Oceans Canada (DFO) organized and conducted a 2-day workshop in Burlington, Ontario, March 30-31, 2009, to help plan the work of the LO-ERI with DFO’s partners and collaborators."--Summary, p. iv.</marc:subfield>
    </marc:datafield>
    <marc:datafield tag="546" ind1=" " ind2=" ">
      <marc:subfield code="a">Text in English, summary in English and French.</marc:subfield>
    </marc:datafield>
    <marc:datafield tag="692" ind1="0" ind2="7">
      <marc:subfield code="2">gccst</marc:subfield>
      <marc:subfield code="a">Lakes</marc:subfield>
    </marc:datafield>
    <marc:datafield tag="692" ind1="0" ind2="7">
      <marc:subfield code="2">gccst</marc:subfield>
      <marc:subfield code="a">Ecosystems</marc:subfield>
    </marc:datafield>
    <marc:datafield tag="692" ind1="0" ind2="7">
      <marc:subfield code="2">gccst</marc:subfield>
      <marc:subfield code="a">Research</marc:subfield>
    </marc:datafield>
    <marc:datafield tag="700" ind1="1" ind2=" ">
      <marc:subfield code="a">Randall, Bob.</marc:subfield>
    </marc:datafield>
    <marc:datafield tag="700" ind1="1" ind2=" ">
      <marc:subfield code="a">Koops, Marten A., </marc:subfield>
      <marc:subfield code="d">1969-</marc:subfield>
    </marc:datafield>
    <marc:datafield tag="710" ind1="1" ind2=" ">
      <marc:subfield code="a">Canada. </marc:subfield>
      <marc:subfield code="b">Department of Fisheries and Oceans.</marc:subfield>
    </marc:datafield>
    <marc:datafield tag="710" ind1="2" ind2=" ">
      <marc:subfield code="a">Canadian Science Advisory Secretariat.</marc:subfield>
    </marc:datafield>
    <marc:datafield tag="830" ind1="#" ind2="0">
      <marc:subfield code="a">Proceedings series (Canadian Science Advisory Secretariat)</marc:subfield>
      <marc:subfield code="x">1701-1280 ; </marc:subfield>
      <marc:subfield code="v">2014/043, Central and Arctic Region.</marc:subfield>
      <marc:subfield code="w">(CaOODSP)9.506483</marc:subfield>
    </marc:datafield>
    <marc:datafield tag="856" ind1="4" ind2="0">
      <marc:subfield code="q">PDF</marc:subfield>
      <marc:subfield code="s">253 KB</marc:subfield>
      <marc:subfield code="u">https://publications.gc.ca/collections/collection_2015/mpo-dfo/Fs70-4-2014-043-eng.pdf</marc:subfield>
    </marc:datafield>
  </marc:record>
</marc:collection>
